NBA Teams Quiz By City - Statistics

General Stats
  • This quiz has been taken 51 times
    25 since last reset
  • The average score is 27 of 30
Answer Stats
Hint Answer % Correct
Chicago Bulls
100%
Boston Celtics
100%
Atlanta Hawks
100%
Charlotte Hornets
100%
Brooklyn Nets
100%
Portland Trail Blazers
100%
Milwaukee Bucks
94%
Cleveland Cavaliers
94%
Los Angeles Clippers
94%
Memphis Grizzlies
94%
Miami Heat
94%
Los Angeles Lakers
94%
Orlando Magic
94%
Dallas Mavericks
94%
Denver Nuggets
94%
Indianapolis (Indiana) Pacers
94%
Detroit Pistons
94%
Houston Rockets
94%
New York City (New York) Knicks
88%
New Orleans Pelicans
88%
San Antonio Spurs
88%
Phoenix Suns
88%
Oklahoma City Thunder
88%
Minnesota Timberwolves
88%
San Fransisco (Golden State) Warriors
88%
Philadelphia 76ers
81%
Salt Lake City (Utah) Jazz
81%
Sacramento Kings
81%
Toronto Raptors
81%
Washington Wizards
81%
No matching quizzes found
Score Distribution
Percent of People with Each Score
Percentile by Number Answered
Your Score History
You have not taken this quiz since the last reset